000 00698nam a2200241Ia 4500
003 OSt
005 20220928113607.0
006 a|||||r|||| 00| 0
007 ta
008 220927b |||||||| |||| 00| 0 eng d
024 _a70399
037 _cTextual
040 _aSDCL
_cSDCL
_beng
041 _2eng
_aeng
082 _aV1:19(zM)'P, P7
100 _aYoung Iris Marion
_9433977
245 0 _aGlobal challenges
_bWar,self-determination and responsibility for justice
260 _aCambridge
_bPolity Press
_c2007
300 _avii,216p
_ccm.
650 _aWar Policy World
_9433978
942 _hV1:19(zM)'P, P7
_cTEXL
_2CC
999 _c750378
_d750378